|
|
|
|
| LEADER |
01067Cam#a2200277#a#4500 |
| 001 |
022827 |
| 005 |
20160721160342.0 |
| 008 |
110527s2010####ag d ||b |||||||spa#d |
| 020 |
|
|
|a 9789501227228
|
| 040 |
|
|
|a AR-BeUNQ
|
| 082 |
0 |
4 |
|a 303.483
|2 21
|
| 245 |
0 |
0 |
|a Mutaciones de lo visible :
|b comunicación y procesos culturales en la era digital
|c Dênis de Moraes (compilador).
|
| 250 |
|
|
|a 1a. ed.
|
| 260 |
|
|
|a Buenos Aires :
|b Paidós,
|c c2010.
|
| 300 |
|
|
|a 165 p. :
|b gráficos ;
|c 22 cm.
|
| 490 |
1 |
|
|a Estudios de Comunicación ;
|
| 500 |
|
|
|a Incluye referencias y bibliografía al final de cada capítulo.
|
| 650 |
|
7 |
|a Comunicación
|2 toit
|
| 650 |
|
7 |
|a Tecnología de la información
|2 toit
|
| 650 |
|
7 |
|a Tecnología de la comunicación
|2 toit
|
| 650 |
|
7 |
|a Medios de comunicación de masas
|2 spines
|
| 700 |
1 |
|
|a Moraes, Dênis de
|e comp
|4 com
|
| 830 |
|
0 |
|a Estudios de Comunicación. ;
|v 33
|
| 929 |
|
|
|a DONACION
|b Red Nacional de Investigaciones en Comunicación
|d 0
|e 20110517
|f PAT0038180
|g 1828 Exp. 827-0387/98
|j 46479
|
| 942 |
|
|
|c LIB
|n 0
|
| 999 |
|
|
|c 21754
|d 97141
|